000
00180nam a2200085Ia 4500
008
250605s9999 xx 000 0 und d
041
_a
eng
100
_a
Maneesh Sharma
245
_a
Amul
999
_c
44274
_d
44274